ALL Ariana Grande Songs - Statistics

General Stats
  • This quiz has been taken 10,372 times
    5 since last reset
  • The average score is 128 of 188
Answer Stats
Album Track # Answer % Correct
Positions 2 34+35
100%
Positions (Deluxe) 17 34+35 (feat. Doja Cat & Megan Thee Stallion)
100%
thank u, next 10 7 rings
100%
My Everything 5 Break Free (feat. Zedd)
100%
Sweetener 9 breathin
100%
eternal sunshine deluxe: brighter days ahead 17 dandelion
100%
Dangerous Woman 2 Dangerous Woman
100%
Wicked 10 Defying Gravity (with Cynthia Erivo)
100%
eternal sunshine 5 eternal sunshine
100%
Sweetener 8 everytime
100%
Wicked: For Good 11 For Good (with Cynthia Erivo)
100%
Sweetener 5 God is a woman
100%
Dangerous Woman 7 Greedy
100%
eternal sunshine deluxe: brighter days ahead 19 Hampstead
100%
Yours Truly 1 Honeymoon Avenue
100%
thank u, next 1 imagine
100%
Dangerous Woman 4 Into You
100%
Christmas & Chill | My Everything 1 Intro
100%
eternal sunshine 1 intro (end of the world)
100%
Dangerous Woman 8 Leave Me Lonely (feat. Macy Gray)
100%
Dangerous Woman 6 Let Me Love You (feat. Lil Wayne)
100%
My Everything 9 Love Me Harder (feat. The Weeknd)
100%
Dangerous Woman 1 Moonlight
100%
Positions 8 my hair
100%
thank u, next 2 needy
100%
Sweetener 10 no tears left to cry
100%
Sweetener 14 pete davidson
100%
Yours Truly 6 Piano
100%
Wicked 7 Popular
100%
Positions 12 positions
100%
Positions 14 pov
100%
Sweetener 1 raindrops (an angel cried)
100%
Sweetener 7 successful
100%
Sweetener 6 sweetener
100%
thank u, next 11 thank u, next
100%
eternal sunshine 8 the boy is mine
100%
Wicked: For Good 10 The Girl in the Bubble
100%
Yours Truly 8 The Way (feat. Mac Miller)
100%
Collaborations/Features - Time (with Childish Gambino)
100%
eternal sunshine deluxe: brighter days ahead 15 twilight zone
100%
eternal sunshine 10 we can't be friends (wait for your love)
100%
eternal sunshine 9 yes, and?
100%
Collaborations/Features - yes, and? (with Mariah Carey)
100%
Dangerous Woman 12 Bad Decisions
75%
thank u, next 6 bad idea
75%
My Everything (Deluxe) 13 Bang Bang (feat. Jessie J & Nicki Minaj)
75%
Dangerous Woman 3 Be Alright
75%
My Everything 7 Be My Baby (feat. Cashmere Cat)
75%
My Everything 6 Best Mistake (feat. Big Sean)
75%
Sweetener 12 better off
75%
Sweetener 2 blazed (feat. Pharrell Williams)
75%
thank u, next 4 bloodline
75%
Sweetener 11 borderline (feat. Missy Elliott)
75%
Collaborations/Features - Boyfriend (with Social House)
75%
thank u, next 12 break up with your girlfriend, i'm bored
75%
My Everything 8 Break Your Heart Right Back (feat. Childish Gambino)
75%
eternal sunshine 2 bye
75%
Wicked 6 Dancing Through Life (with Jonathan Bailey)
75%
Yours Truly 7 Daydreamin'
75%
Charlie's Angels 3 Don't Call Me Angel (Charlie's Angels) (with Miley Cyrus & Lana Del Rey)
75%
eternal sunshine 3 don't wanna break up again
75%
Dangerous Woman 9 Everyday (feat. Future)
75%
thank u, next 5 fake smile
75%
Collaborations/Features - Get On Your Knees (with Nicki Minaj)
75%
Sweetener 15 get well soon
75%
thank u, next 8 ghostin
75%
Sweetener 13 goodnight n go
75%
My Everything 11 Hands On Me (feat. A$AP Ferg)
75%
Dangerous Woman 11 I Don't Care
75%
Collaborations/Features - I Don't Do Drugs (with Doja Cat)
75%
eternal sunshine 12 imperfect for you
75%
thank u, next 9 in my head
75%
eternal sunshine 11 i wish i hated you
75%
Singles/Other - Jason's Song (Gave It Away)
75%
My Everything 10 Just a Little Bit of Your Heart
75%
Positions 4 just like magic
75%
Dangerous Woman 14 Knew Better / Forever Boy
75%
Positions 11 love language
75%
Positions (Deluxe) 19 main thing
75%
thank u, next 7 make up
75%
Collaborations/Features - Monopoly (with Victoria Monet)
75%
Positions 3 motive
75%
My Everything 12 My Everything
75%
thank u, next 3 NASA
75%
Positions 9 nasty
75%
Wicked 1 No One Mourns the Wicked
75%
Positions 13 obvious
75%
Positions 5 off the table
75%
My Everything 3 One Last Time
75%
Wicked 9 One Short Day
75%
My Everything (Deluxe) 14 Only 1
75%
eternal sunshine 13 ordinary things (feat. nonna)
75%
eternal sunshine deluxe: brighter days ahead 18 past life
75%
Yours Truly 11 Popular Song (feat. MIKA)
75%
My Everything 2 Problem (feat. Iggy Azalea)
75%
Collaborations/Features - Rain on Me (with Lady Gaga)
75%
Sweetener 4 R.E.M.
75%
Positions 7 safety net (feat. Ty Dolla $ign)
75%
Christmas Kisses 4 Santa Baby (feat. Liz Gillies)
75%
eternal sunshine 4 Saturn Returns Interlude
75%
Positions 1 shut up
75%
Dangerous Woman 5 Side To Side (feat. Nicki Minaj)
75%
Positions 6 six thirty
75%
Positions (Deluxe) 15 someone like u (interlude)
75%
Dangerous Woman 10 Sometimes
75%
Collaborations/Features - Stuck with U (with Justin Bieber)
75%
eternal sunshine 6 supernatural
75%
Yours Truly 4 Tattooed Heart
75%
Positions (Deluxe) 16 test drive
75%
Wicked: For Good 2 Thank Goodness / I Couldn't Be Happier
75%
Sweetener 3 the light is coming (feat. Nicki Minaj)
75%
Dangerous Woman 15 Thinking Bout You
75%
Dangerous Woman 13 Touch It
75%
eternal sunshine 7 true story
75%
eternal sunshine deluxe: brighter days ahead 16 warm
75%
Positions 10 west side
75%
Wicked 4 What Is This Feeling? (with Cynthia Erivo)
75%
My Everything 4 Why Try
75%
Wicked: For Good 5 Wonderful (with Jeff Goldblum & Cynthia Erivo)
75%
Positions (Deluxe) 18 worst behavior
75%
Collaborations/Features - Adore (with Cashmere Cat)
50%
Collaborations/Features - A Hand for Mrs. Claus (with Idina Menzel)
50%
Collaborations/Features - All My Love (with Major Lazer)
50%
Yours Truly 10 Almost Is Never Enough (feat. Nathan Sykes)
50%
Yours Truly 2 Baby I
50%
Charlie's Angels 2 Bad to You (with Normani & Nicki Minaj)
50%
Collaborations/Features - Beauty and the Beast (with John Legend)
50%
Collaborations/Features - Bed (with Nicki Minaj)
50%
Yours Truly 12 Better Left Unsaid
50%
My Everything (Deluxe) 16 Cadillac Song
50%
Collaborations/Features - Dance to This (with Troye Sivan)
50%
Wicked 2 Dear Old Shiz
50%
Christmas & Chill 3 December
50%
Collaborations/Features - Die For You (with The Weeknd)
50%
Wicked: For Good 1 Every Day More Wicked
50%
Collaborations/Features - Faith (with Stevie Wonder)
50%
Singles/Other - Focus
50%
Victorious - Give It Up (with Liz Gillies)
50%
Collaborations/Features - Good as H*ll (with Lizzo)
50%
Charlie's Angels 10 Got Her Own (with Victoria Monet)
50%
Collaborations/Features - Heatstroke (with Calvin Harris, Pharrell Williams & Young Thug)
50%
Charlie's Angels 8 How I Look on You
50%
Wicked: For Good 6 I'm Not That Girl (Reprise)
50%
eternal sunshine deluxe: brighter days ahead 14 intro (end of the world) [extended]
50%
Victorious - L.A. Boyz
50%
Christmas Kisses 1 Last Christmas
50%
Yours Truly 5 Lovin' It
50%
Hairspray - Mama, I'm a Big Girl Now
50%
Collaborations/Features - My Favorite Part (with Mac Miller)
50%
Charlie's Angels 6 Nobody (with Chaka Khan)
50%
Collaborations/Features - Over and Over Again (with Nathan Sykes)
50%
Singles/Other - Put Your Hearts Up
50%
Collaborations/Features - Quit (with Cashmere Cat)
50%
Yours Truly 3 Right There (feat. Big Sean)
50%
Collaborations/Features - Rule the World (with 2 Chainz)
50%
Singles/Other - Santa Tell Me
50%
Collaborations/Features - Save Your Tears (with The Weeknd)
50%
Christmas Kisses 3 Snow In California
50%
Singles/Other - Somewhere Over the Rainbow
50%
Collaborations/Features - Sympathy is a knife (with Charli xcx)
50%
Singles/Other - They Don't Know
50%
Christmas & Chill 6 Winter Things
50%
My Everything (Deluxe) 15 You Don't Know Me
50%
Yours Truly 9 You'll Never Know
50%
Victorious - 5 Fingaz to the Face
25%
Collaborations/Features - A Little More Homework (with Graham Philips & 13 Original Broadway Cast)
25%
Collaborations/Features - Brand New You (with Brynn Williams, Caitlin Gann & 13 Original Broadway Cast)
25%
Hairspray - Come So Far (Got So Far To Go)
25%
Collaborations/Features - It Was A... (Masked Christmas) (with Jimmy Fallon & Megan Thee Stallion)
25%
Collaborations/Features - Just Look Up (From Don't Look Up) (with Kid Cudi)
25%
Christmas Kisses 2 Love Is Everything
25%
Collaborations/Features - Met Him Last Night (with Demi Lovato)
25%
Christmas & Chill 4 Not Just on Christmas
25%
Collaborations/Features - Oh Santa (with Mariah Carey & Jennifer Hudson)
25%
Collaborations/Features - Research (with Big Sean)
25%
Collaborations/Features - Santa, Can't You Hear Me (with Kelly Clarkson)
25%
Singles/Other - Step On Up
25%
Christmas & Chill 5 True Love
25%
Hairspray - Without Love
25%
Christmas & Chill 2 Wit It This Christmas
25%
Hairspray - You Can't Stop the Beat
25%
Collaborations/Features - Don't Be Gone Too Long (with Chris Brown)
0%
Victorious - Don't You (Forget About Me)
0%
Collaborations/Features - Earth (with Lil Dicky)
0%
Collaborations/Features - What Do You Mean? [Remix] (with Justin Bieber)
0%
Collaborations/Features - You Don't Own Me (with Kristin Chenoweth)
0%
Singles/Other - Zero to Hero
0%
No matching quizzes found
Score Distribution
Percent of People with Each Score
Percentile by Number Answered
Your Score History
You have not taken this quiz since the last reset